| 000 | 01524nam a2200385 a 4500 | ||
|---|---|---|---|
| 001 | ebr10674956 | ||
| 003 | CaPaEBR | ||
| 006 | m u | ||
| 007 | cr cn||||||||| | ||
| 008 | 090417s2009 nyuab sb 001 0 eng d | ||
| 010 | _z 2009015100 | ||
| 020 | _z9781607416494 (hardcover) | ||
| 020 | _z1607416492 (hardcover) | ||
| 020 | _z9781617281310 (e-book) | ||
| 040 |
_aCaPaEBR _cCaPaEBR |
||
| 035 | _a(OCoLC)659561013 | ||
| 043 | _aa------ | ||
| 050 | 1 | 4 |
_aHQ1063.2.A78 _bA45 2009eb |
| 082 | 0 | 4 |
_a305.26095 _222 |
| 245 | 0 | 0 |
_aAging in Asia _h[electronic resource] / _cJason L. Powell and Ian G. Cook, editors. |
| 260 |
_aNew York : _bNova Science Publishers, _cc2009. |
||
| 300 |
_avi, 219 p. : _bill., maps. |
||
| 490 | 1 | _aAging issues, health and financial alternatives series | |
| 504 | _aIncludes bibliographical references and index. | ||
| 505 | 0 | _apt. 1. Aging in Asia : case studies -- pt. 2. Rethinking aging in Asia. | |
| 533 |
_aElectronic reproduction. _bPalo Alto, Calif. : _cebrary, _d2013. _nAvailable via World Wide Web. _nAccess may be limited to ebrary affiliated libraries. |
||
| 650 | 0 |
_aAging _zAsia. |
|
| 650 | 0 |
_aOlder people _zAsia. |
|
| 655 | 7 |
_aElectronic books. _2local |
|
| 700 | 1 |
_aPowell, Jason L., _d1971- |
|
| 700 | 1 | _aCook, Ian G. | |
| 710 | 2 | _aebrary, Inc. | |
| 830 | 0 | _aAging issues, health and financial alternatives series. | |
| 856 | 4 | 0 |
_uhttp://site.ebrary.com/lib/rucke/Doc?id=10674956 _zAn electronic book accessible through the World Wide Web; click to view |
| 999 |
_c163857 _d163857 |
||